Statistics for Countries with Mountains Above 20,000 Feet / 6,000 Meters

Click here to take the quiz!

General Stats

  • This quiz has been taken 67 times
  • The average score is 17 of 29

Answer Stats

ElevationCountry / Mountain% Correct
29,029 ft
8,848 m
China
96%
29,029 ft
8,848 m
Nepal
95%
20,310 ft
6,190 m
United States
95%
28,251 ft
8,611 m
Pakistan
93%
28,169 ft
8,586 m
India
89%
22,835 ft
6,960 m
Argentina
88%
22,615 ft
6,893 m
Chile
86%
22,205 ft
6,768 m
Peru
86%
24,580 ft
7,492 m
Afghanistan
84%
24,836 ft
7,570 m
Bhutan
84%
21,463 ft
6,542 m
Bolivia
84%
29,029 ft
8,848 m
Mount Everest
(Sagarmāthā / Chomolungma)
84%
20,561 ft
6,267 m
Ecuador
82%
24,590 ft
7,495 m
Tajikistan
81%
24,406 ft
7,439 m
Kyrgyzstan
79%
22,999 ft
7,010 m
Kazakhstan
77%
28,251 ft
8,611 m
K2
75%
20,310 ft
6,190 m
Denali
65%
22,835 ft
6,960 m
Aconcagua
37%
20,561 ft
6,267 m
Chimborazo
23%
28,169 ft
8,586 m
Kangchenjunga
21%
22,615 ft
6,893 m
Ojos del Salado
18%
22,205 ft
6,768 m
Huascarán (Mataraju)
11%
24,590 ft
7,495 m
Ismoil Somoni Peak
7%
22,999 ft
7,010 m
Khan Tengri
7%
24,580 ft
7,492 m
Noshaq
7%
24,836 ft
7,570 m
Gangkhar Puensum
5%
21,463 ft
6,542 m
Nevado Sajama (Chak Xaña)
5%
24,406 ft
7,439 m
Jengish Chokusu
4%

Score Distribution

Percentile by Number Answered

Percent of People with Each Score

Your Score History

You have not taken this quiz